Creche.

Guardado en:
Bibliografiske detaljer
Hovedforfatter: Rosemberg, Fulvia (autor)
Format: Bog
Sprog:spansk
Serier:(Colec.temas em destaque ; no. 1)
Fag:
Tags: Tilføj Tag
Ingen Tags, Vær først til at tagge denne postø!

MARC

LEADER 00000cam^a2200000uu^4500
001 000460283
005 20250521000000.0
008 050901s1989^^^^^^^^^^^^rd^r^^000^0^spa^d
009 20260526145736.093
022 |a 8524901675 
035 |a FCE 000002751 
035 |a FCE 010854 
037 |a Acervo ITESO - Biblioteca 
041 |a spa 
082 0 4 |a 362.712  |b ROSc 
100 |a Rosemberg, Fulvia  |e (autor) 
245 1 0 |a Creche. 
264 |a Sao Paulo :  |b Cortéz,  |c 1989. 
336 |a texto  |b txt  |2 rdacontenido 
337 |a sin mediación  |b n  |2 rdamedio 
338 |a volumen  |b nc  |2 rdasoporte 
440 0 |a (Colec.temas em destaque ;  |v no. 1) 
649 |a XX 
650 |a Desarrollo del niño 
650 |a Infancia 
650 |a Educación preescolar 
650 |a Brasil 
910 |a Fondo Centro de Estudios Educativos 
920 |a Impresos - Libros 
930 |a Fondos Especiales 
905 |a 133 
901 |a ALE010854  |b IT2  |c CEE  |u 20250521 
902 |a https://opac.biblio.iteso.mx/vufind/Record/000460283